000 00326nam a2200133Ia 4500
008 220204s9999 xx 000 0 und d
082 _a678.5:62
_bBEC
100 _aBeck, Ronald D
245 0 _aPlastic product design
250 _aEd.2
260 _aNew York
_bVan Nostrand
_c1980
650 _aPlastic products
942 _cBK
999 _c36016
_d36016